Kluby Ekstraklasy na Sezon 23/24 - Statystyki

Ogólne statystyki
  • Ten quiz został rozwiązany 85 razy
  • Średni wynik to 17 z 18
Statystyki odpowiedzi
Miasto Odpowiedz % Poprawnych
Poznań Lech Poznań
99%
Warszawa Legia Warszawa
99%
Zabrze Górnik Zabrze
97%
Łódź ŁKS Łódź
97%
Szczecin Pogoń Szczecin
97%
Częstochowa Raków Częstochowa
94%
Wrocław Śląsk Wrocław
94%
Mielec Stal Mielec
93%
Łódź Widzew Łódź
93%
Kraków Cracovia
91%
Kielce Korona Kielce
90%
Gliwice Piast Gliwice
90%
Chorzów Ruch Chorzów
90%
Białystok Jagielonia Białystok
88%
Niepołomice Puszcza Niepołomice
88%
Radom Radomiak Radom
87%
Poznań Warta Poznań
86%
Lubin Zagłębie Lubin
81%
Nie znaleziono quizów pasujących do podanych kryteriów
Rozkład punktacji
Procent ludzi z każdym wynikiem
Percentyl według liczby udzielonych odpowiedzi
Twoja historia wyników
Nie rozwiązałeś tego quizu